[Event "SRB-chT3 East"]
[Site "Pozarevac"]
[Date "2014.10.04"]
[Round "4.13"]
[White "Radusinovic, Lazar"]
[Black "Mirkovic, Dejan"]
[Result "1-0"]
[WhiteElo "2341"]
[BlackElo "1836"]
[PlyCount "91"]
[EventDate "2014.10.02"]
[EventType "team-swiss"]
[EventRounds "6"]
[EventCountry "SRB"]
[SourceTitle "EXT 2022"]
[Source "ChessBase"]
[SourceDate "2021.10.06"]
[SourceVersion "1"]
[SourceVersionDate "2021.10.06"]
[SourceQuality "1"]

1. d4 d5 2. c4 c6 3. Nc3 Nf6 4. cxd5 cxd5 5. Bf4 a6 6. e3 Nc6 7. Bd3 Qb6 8. Nge2 g6 9. 0-0 Bg7 10. h3 0-0 11. a3 Qd8 12. b4 b5 13. Rc1 Bd7 14. Bg5 e6 15. e4 h6 16. Bh4 g5 17. Bg3 dxe4 18. Nxe4 Ne8 19. Nc5 f5 20. Qb3 Qe7 21. d5 Nd8 22. f4 Kh8 23. fxg5 hxg5 24. Nxd7 Qxd7 25. dxe6 Qxe6 26. Qxe6 Nxe6 27. Bxf5 Nd4 28. Nxd4 Bxd4+ 29. Kh2 Ng7 30. Be4 Rae8 31. Rxf8+ Rxf8 32. Rc6 Nf5 33. Bxf5 Rxf5 34. Rxa6 Kg7 35. Rd6 Bb2 36. Rd3 Kg6 37. Kg1 Kh5 38. Bd6 g4 39. hxg4+ Kxg4 40. Rg3+ Kh5 41. Rb3 Bd4+ 42. Kh2 Kg4 43. Rg3+ Kh5 44. Rg8 Rd5 45. Bf4 Bb2 46. g4+ 1-0

[Event "SRB-chT3 East"]
[Site "Pozarevac"]
[Date "2014.10.03"]
[Round "2.23"]
[White "Mirkovic, Dejan"]
[Black "Marinkovic, Velibor"]
[Result "1-0"]
[WhiteElo "1836"]
[BlackElo "2118"]
[PlyCount "83"]
[EventDate "2014.10.02"]
[EventType "team-swiss"]
[EventRounds "6"]
[EventCountry "SRB"]
[SourceTitle "EXT 2022"]
[Source "ChessBase"]
[SourceDate "2021.10.06"]
[SourceVersion "1"]
[SourceVersionDate "2021.10.06"]
[SourceQuality "1"]

1. d4 Nf6 2. Nf3 g6 3. c3 Bg7 4. Nbd2 d5 5. Qc2 0-0 6. e4 Nxe4 7. Nxe4 dxe4 8. Qxe4 Nd7 9. Bc4 Nf6 10. Qe2 c6 11. 0-0 h6 12. Re1 e6 13. Bb3 Re8 14. Bf4 Nd5 15. Bg3 a5 16. a3 Qb6 17. Ba2 Rd8 18. Rad1 Ne7 19. Ne5 Nf5 20. Bf4 Qa6 21. Bc4 b5 22. Bd3 Qb7 23. Be4 Ne7 24. Qd2 g5 25. Bg3 f5 26. f4 fxe4 27. fxg5 Nf5 28. Rxe4 Nxg3 29. hxg3 c5 30. gxh6 Qxe4 31. Qg5 Ra7 32. Qxd8+ Bf8 33. Qg5+ Kh7 34. Ng4 Rf7 35. Nf6+ Rxf6 36. Qxf6 Qe3+ 37. Qf2 cxd4 38. Qxe3 dxe3 39. Rd8 Bc5 40. Kf1 Ba6 41. b4 axb4 42. axb4 1-0

[Event "SRB Central-ch op-B 6th"]
[Site "Paracin"]
[Date "2013.07.10"]
[Round "7"]
[White "Mirkovic, Dejan"]
[Black "Mijajlovic, Milutin"]
[Result "1/2-1/2"]
[WhiteElo "1886"]
[BlackElo "1757"]
[PlyCount "57"]
[EventDate "2013.07.05"]
[EventType "swiss"]
[EventRounds "9"]
[EventCountry "SRB"]
[SourceTitle "CBM 155 Extra"]
[Source "ChessBase"]
[SourceDate "2013.08.26"]
[SourceVersion "1"]
[SourceVersionDate "2013.08.26"]
[SourceQuality "1"]

1. d4 d5 2. c4 e6 3. Nc3 dxc4 4. Qa4+ Nd7 5. Qxc4 c6 6. e4 Ngf6 7. Be2 Be7 8. Nf3 h6 9. Bf4 Nb6 10. Qb3 Nbd7 11. Rd1 0-0 12. h3 a5 13. 0-0 Re8 14. Be3 Nf8 15. d5 exd5 16. Bb6 Qd7 17. exd5 Qf5 18. Bc4 cxd5 19. Nxd5 Nxd5 20. Rxd5 Qg6 21. Ne5 Qe4 22. f3 Qf4 23. Nd3 Qg3 24. Bf2 Qc7 25. Rb5 Ne6 26. f4 Rf8 27. Bb6 Qd7 28. Rd5 Qc6 29. Ne5 1/2-1/2

[Event "Jagodina op 6th"]
[Site "Jagodina"]
[Date "2013.03.10"]
[Round "2"]
[White "Mirkovic, Dejan"]
[Black "Stefanovic, Vladimir"]
[Result "0-1"]
[WhiteElo "1908"]
[BlackElo "2187"]
[PlyCount "64"]
[EventDate "2013.03.09"]
[EventType "swiss"]
[EventRounds "9"]
[EventCountry "SRB"]
[SourceTitle "CBM 153 Extra"]
[Source "ChessBase"]
[SourceDate "2013.04.22"]
[SourceVersion "1"]
[SourceVersionDate "2013.04.22"]
[SourceQuality "1"]

1. d4 Nf6 2. c4 c5 3. d5 g6 4. Nc3 Bg7 5. e4 d6 6. f3 0-0 7. Nge2 e6 8. a4 Re8 9. Bg5 h6 10. Be3 exd5 11. cxd5 Nbd7 12. Qd2 Ne5 13. Ng3 h5 14. Bb5 Bd7 15. Be2 h4 16. Nf1 Nh7 17. h3 f5 18. Nh2 Nf7 19. Bd3 a6 20. 0-0 Nf6 21. Bf2 Nh5 22. Be3 Rb8 23. Rfe1 b5 24. axb5 axb5 25. Rab1 Ne5 26. Nf1 f4 27. Bf2 Bxh3 28. Bxh4 Qxh4 29. Bxb5 Nxf3+ 30. gxf3 Bd4+ 31. Ne3 Qg5+ 32. Kh1 fxe3 0-1

[Event "SRB Central-ch op-B 5th"]
[Site "Paracin"]
[Date "2012.07.12"]
[Round "8"]
[White "Hrescak, Ivana"]
[Black "Mirkovic, Dejan"]
[Result "0-1"]
[WhiteElo "1686"]
[BlackElo "1919"]
[PlyCount "124"]
[EventDate "2012.07.06"]
[EventType "swiss"]
[EventRounds "9"]
[EventCountry "SRB"]
[SourceTitle "CBM 149 Extra"]
[Source "ChessBase"]
[SourceDate "2012.08.24"]
[SourceVersion "1"]
[SourceVersionDate "2012.08.24"]
[SourceQuality "1"]

1. d4 Nf6 2. c4 e5 3. dxe5 Bb4+ 4. Bd2 Bxd2+ 5. Qxd2 Ng4 6. Qf4 Nh6 7. Nf3 Qe7 8. Nc3 Qb4 9. Rb1 b6 10. a3 Qa5 11. e6 0-0 12. exd7 Bxd7 13. Qxc7 Bf5 14. Ra1 Na6 15. Qf4 Rfe8 16. e3 Nb4 17. Nd4 Rad8 18. Nxf5 Nc2+ 19. Ke2 Nxf5 20. Rd1 Nfd4+ 21. Rxd4 Rxd4 22. Qc7 Qh5+ 23. f3 Nxe3 24. Qc6 Qe5 25. Ne4 f5 26. Kxe3 fxe4 27. f4 Rd6 28. fxe5 Rxc6 29. Kxe4 Rce6 30. Bd3 Rxe5+ 31. Kd4 Re1 32. Rxe1 Rxe1 33. Kc3 h6 34. h3 Kf8 35. Kd2 Re5 36. Kc3 Ke7 37. Kd4 Kd6 38. Be4 Rg5 39. Bb7 b5 40. Ba8 Rc5 41. cxb5 Rxb5 42. Kc3 a5 43. b4 Rb8 44. Bf3 axb4+ 45. axb4 Rb5 46. Kc4 Rf5 47. Ba8 Kc7 48. Bf3 Kb6 49. Ba8 Rf4+ 50. Kc3 Kb5 51. Bf3 Rxb4 52. Ba8 Rb1 53. Kd4 Re1 54. Bf3 Re7 55. Ba8 Kb6 56. Bf3 Kc7 57. Bg4 Kd8 58. Kc5 Ke8 59. Bh5+ Kf8 60. Bf3 Kf7 61. Kd5 Kg6 62. Kd4 h5 0-1